Regiones más comprometidas / (Record no. 189221)

MARC details
000 -LEADER
campo de control de longitud fija 00764nam a2200241 i 4500
001 - NÚMERO DE CONTROL
campo de control 189221
003 - IDENTIFICADOR DE NÚMERO DE CONTROL
campo de control SpMaBN
005 - FECHA Y HORA DE LA ÚLTIMA TRANSACCIÓN
campo de control 20240202063022.0
008 - DATOS DE LONGITUD FIJA--INFORMACIÓN GENERAL
campo de control de longitud fija 190426s2018 sp |||| | spa d
020 ## - NÚMERO INTERNACIONAL ESTÁNDAR DEL LIBRO
Número Internacional Estándar del Libro 978-84-948216-5-3
080 ## - NÚMERO DE LA CLASIFICACIÓN DECIMAL UNIVERSAL
Número de la Clasificación Decimal Universal 821.134.2-14"19"
100 1# - ENTRADA PRINCIPAL--NOMBRE DE PERSONA
Nombre de persona Pascal Ros, Alfonso,
Fechas asociadas al nombre 1965-
9 (RLIN) 89316
245 10 - MENCIÓN DEL TÍTULO
Título Regiones más comprometidas /
Mención de responsabilidad, etc. Alfonso Pascal Ros.
250 ## - MENCION DE EDICION
Mención de edición 1ª ed.
260 ## - PUBLICACIÓN, DISTRIBUCIÓN, ETC.
Lugar de publicación, distribución, etc. [Siero] :
Nombre del editor, distribuidor, etc. Ars Poetica,
Fecha de publicación, distribución, etc. 2018.
300 ## - DESCRIPCIÓN FÍSICA
Extensión 56 p. ;
Dimensiones 21 cm.
490 1# - MENCIÓN DE SERIE
Mención de serie Carpe diem
830 0# - PUNTO DE ACCESO ADICIONAL DE SERIE-TÍTULO UNIFORME
Título uniforme Carpe diem
9 (RLIN) 193267
852 ## - LOCALIZACIÓN
Ubicación ES-MaACL
Número de control de estantería A-14510
itemnumber 196359
Sublocalización o colección R.152112
Ubicación en estantería Depósito 1
Signatura antigua Olim: N-7510
Donativo/Legado Donación: Alfonso Pascal Ros
903 ## - NOMBRE PERSONAL DE DONANTE
a Pascal Ros, Alfonso,
d 1965-
e Donante
9 89316
942 ## - ELEMENTOS DE ENTRADA SECUNDARIOS (KOHA)
Fuente del sistema de clasificación o colocación Clasificación decimal universal
Tipo de ítem Koha Libro impreso
Holdings
Estatus retirado Estado de pérdida Fuente del sistema de clasificación o colocación Estado de daño No para préstamo Biblioteca de origen Biblioteca actual Ubicación en estantería Fecha de adquisición Fuente de adquisición Total de préstamos Signatura topográfica completa Código de barras Visto por última vez Precio de reemplazo Tipo de ítem Koha
    Clasificación decimal universal     Biblioteca del Ateneo de Madrid Biblioteca del Ateneo de Madrid Depósito 1 26/04/2019 Donación   A-14510 1200416 23/02/2023 23/02/2023 Libro impreso